000 00555nam a2200181Ia 4500
003 GCL
008 140319s9999 xx 000 0 ara d
040 _aGCL /
_cGCL
082 0 4 _a111.85
_bس م
100 1 _aسعيد توفيق
245 1 0 _aمدخل الى موضوع علم الجمال بحث عن معنى الاستطيقى /
_cسعيد توفيق
260 _a[S.N] :
_bدار الثقافة للنشر والتوزيع ،
_c1992
300 _a148 ص
490 _a
650 0 4 _aالفلسفة
650 0 4 _aالجمال
942 _2ddc
_cBK
999 _c29919
_d29919